| 000 | 01048cab a22002895a 4500 | ||
|---|---|---|---|
| 001 | L160038 | ||
| 008 | 150113e2016 xxk 000 0 eng d | ||
| 035 | _a(Sirsi) u160038 | ||
| 041 | 0 | _aeng | |
| 050 | _a693.892 | ||
| 100 | 1 | _aLamond, Jessica | |
| 245 | 0 | 0 |
_aWaterproofing walls _h[electronic resource] |
| 260 |
_aLondon _bRICS _c2016 |
||
| 490 |
_aRICS Building Surveying Journal _vMarch 2016 - April 2016, 21(1) |
||
| 520 | _aBuilding quality and good construction are vital when walls have to act as a defence against flooding. | ||
| 650 | 2 | 4 | _aFLOOD PREVENTION |
| 650 | 2 | 4 | _aWATERPROOFING |
| 650 | 2 | 4 | _aMASONRY WALLS |
| 650 | 2 | 4 | _aRENDERS |
| 651 | 4 |
_aUnited Kingdom _y |
|
| 690 | _aDesign and specification | ||
| 700 | 1 | _aBooth, Colin | |
| 700 | 1 | _aBeddoes, David | |
| 856 | 4 | 0 |
_uhttps://www.rics.org/Global/BSJ-BCJ%20March-April%202016_v2.pdf _zView the article free of charge at www.rics.org... |
| 856 | 4 | 0 |
_uhttps://www.rics.org/Global/BSJ-BCJ%20March-April%202016_v2.pdf _yAvailable free online via Issuu |
| 942 |
_n0 _2ddc |
||
| 999 |
_c85153 _d85153 |
||